EPIC: The Musical - Lyrics Sort #26 - Legendary - Statistics

General Stats
  • This quiz has been taken 81 times
  • The average score is 27 of 47
Answer Stats
Hint Answer % Correct
Line 1 It's just me, myself, and I
97%
Line 2 Stuck in my bedroom, living in this world you left behind
97%
Line 5 Cause I'm stuck with your stories but no clue who you are
89%
Line 6 And no idea if you're dead or just too far
86%
Line 4 But boy, I wish I could, so I could bring the world some light
86%
Line 3 Dreaming of all these monsters that I'll never get to fight
86%
Line 7 Somebody tell me, come and give me a sign [1]
78%
Line 8 If I fight these monsters, is it you I'll find
70%
Line 9 If so, then [1]
70%
Line 11 Give me Giants and a Hydra [1]
68%
Line 12 I know life and fate are scary but I wanna be legendary [1]
68%
Line 13 I'll fight the harpies and chimeras, the Minotaur, even Cerberus [1]
68%
Line 21 And I would fight them if I was half as strong as you
65%
Line 19 Cause they're getting impatient
65%
Line 20 Dangerous too
65%
Line 14 I know life and fate are scary, but I wanna be l-l-l-legendary
65%
Line 15 There are strangers in our halls
65%
Line 18 They keep taking space and it's not much longer we can stall
65%
Line 16 Trying to win the heart of my mom, but she is standing tall
65%
Line 17 108 old faces of men who call me small
62%
Line 10 Give me Sirens and a Cyclops [1]
62%
Line 23 Can I do whatever it takes to keep my mom safe?
59%
Line 26 Give me Giants and a Hydra [2]
59%
Line 24 If so, then [2]
59%
Line 27 I know life and fate are scary, but I wanna be legendary [2]
59%
Line 29 I know life and fate are scary, but I wanna be legendary! [3]
59%
Line 28 I'll fight the harpies and chimeras, the Minotaur, even Cerberus [2]
59%
Line 25 Give me Sirens and a Cyclops [2]
57%
Line 22 Somebody help me, come and give me the strength
49%
Line 38 Boy
43%
Line 39 When's your tramp of a mother gonna choose a new husband?
43%
Line 30 Where is he? Where is the man who'll have you to wife?
43%
Line 37 And I'll overcome these obstacles and scrutiny and-
41%
Line 35 And we still have no king
41%
Line 34 Cause it's been 20 years (20 years)
41%
Line 36 Give me a chance, a single opportunity
41%
Line 42 Don't you dare call my mother a tramp!
38%
Line 47 If I fight this monster, is it you I'll find?
38%
Line 45 What'chu gonna do about it, champ?
38%
Line 41 Why don't you open her room so we can have fun with her?
38%
Line 44 I just did
35%
Line 46 Somebody tell me, come and give me a sign [2]
35%
Line 32 Where is he?
35%
Line 31 (Oh-whoa-oh) [1]
30%
Line 43 (Oh-whoa-oh) [2]
30%
Line 33 Where is the man with whom you'll spend your life?
30%
Line 40 (Oh-oh)
27%
No matching quizzes found
Score Distribution
Percent of People with Each Score
Percentile by Number Answered
Your Score History
You have not taken this quiz